Financial market rates and flows. -- 4th ed. (Record no. 63102)
[ view plain ]
| 000 -LEADER | |
|---|---|
| fixed length control field | 01023nam a2200193 a 4500 |
| 008 - FIXED-LENGTH DATA ELEMENTS--GENERAL INFORMATION | |
| fixed length control field | 120416s1994 ||||||||||||||||| || u |
| 020 ## - INTERNATIONAL STANDARD BOOK NUMBER | |
| International Standard Book Number | 0131767364 |
| 050 ## - LIBRARY OF CONGRESS CALL NUMBER | |
| Classification number | HG 1621 Van |
| 100 ## - MAIN ENTRY--PERSONAL NAME | |
| Personal name | Van Horne, James C |
| 245 10 - TITLE STATEMENT | |
| Title | Financial market rates and flows. -- 4th ed. |
| 250 ## - EDITION STATEMENT | |
| Edition statement | 4th ed. |
| 260 ## - PUBLICATION, DISTRIBUTION, ETC. | |
| Place of publication, distribution, etc. | Englewood Cliffs, N.J. |
| Name of publisher, distributor, etc. | FT Prentice-Hall |
| Date of publication, distribution, etc. | 1994 |
| 300 ## - PHYSICAL DESCRIPTION | |
| Extent | xiii, 338p. : ill. |
| 350 ## - | |
| -- | 0.00 |
| 995 ## - | |
| -- | BINDERY (DAMAGED) |
| -- | 0.00 |
| -- | 727199 |
| -- | CBU-MAIN LIBRARY (Kitwe) |
| -- | 3 |
| -- | 0.00 |
| -- | HG 1621 Van |
| -- | 1 |
| -- | DAMAGED |
| -- | 018127 |
| -- | Main Library Open Access Collection |
| 995 ## - | |
| -- | BINDERY (DAMAGED) |
| -- | 0.00 |
| -- | 727198 |
| -- | CBU-MAIN LIBRARY (Kitwe) |
| -- | 4 |
| -- | 0.00 |
| -- | HG 1621 Van |
| -- | 2 |
| -- | DAMAGED |
| -- | 018128 |
| -- | Main Library Open Access Collection |
| 995 ## - | |
| -- | BINDERY (DAMAGED) |
| -- | 0.00 |
| -- | 727201 |
| -- | CBU-MAIN LIBRARY (Kitwe) |
| -- | 1 |
| -- | 0.00 |
| -- | HG 1621 Van |
| -- | 4 |
| -- | DAMAGED |
| -- | 018130 |
| -- | Main Library Open Access Collection |
| 995 ## - | |
| -- | MAIN LIBRARY OPEN ACCESS |
| -- | 0.00 |
| -- | 727200 |
| -- | CBU-MAIN LIBRARY (Kitwe) |
| -- | 2 |
| -- | 0.00 |
| -- | HG 1621 Van |
| -- | 3 |
| -- | AVAILABLE |
| -- | 018129 |
| -- | Main Library Open Access Collection |
| 999 ## - | |
| -- | 63102 |
| -- | 63102 |
| Withdrawn status | Lost status | Source of classification or shelving scheme | Damaged status | Not for loan | Permanent Location | Current Location | Shelving location | Date acquired | Total Checkouts | Full call number | Barcode | Date last seen | Price effective from | Koha item type |
|---|---|---|---|---|---|---|---|---|---|---|---|---|---|---|
| CBU-MAIN LIBRARY, KITWE. | CBU-MAIN LIBRARY, KITWE. | 12/24/2022 | HG 1621 Van | 018127 | 12/24/2022 | 12/24/2022 | MONOGRAPH | |||||||
| CBU-MAIN LIBRARY, KITWE. | CBU-MAIN LIBRARY, KITWE. | 12/24/2022 | HG 1621 Van | 018128 | 12/24/2022 | 12/24/2022 | MONOGRAPH | |||||||
| CBU-MAIN LIBRARY, KITWE. | CBU-MAIN LIBRARY, KITWE. | 12/24/2022 | HG 1621 Van | 018130 | 12/24/2022 | 12/24/2022 | MONOGRAPH | |||||||
| CBU-MAIN LIBRARY, KITWE. | CBU-MAIN LIBRARY, KITWE. | 12/24/2022 | HG 1621 Van | 018129 | 12/24/2022 | 12/24/2022 | MONOGRAPH |